| 000 | 00444nam a2200121Ia 4500 | ||
|---|---|---|---|
| 008 | 170221s9999 xx 000 0 und d | ||
| 100 | _aDoss, Samuel K. | ||
| 245 | _a“Spreading the good word”: toward an understanding of brand evangelism | ||
| 245 | _cSamuel K. Doss, Florida Institute of Technology. | ||
| 260 | _bJournal of Management and Marketing Research | ||
| 650 | _xBusiness | ||
| 856 | _uhttp://www.aabri.com/manuscripts/131678.pdf | ||
| 999 |
_c307359 _d307359 |
||